000 00710nam a2200289Ia 4500
005 20260324112015.0
008 008 260324s9999 xx 000 0 eng d
020 _a9781032675138
037 _aEBOOK
040 _aCRL
040 _beng
040 _cCRL
041 _2eng
041 _aeng
084 _qCRL
100 _aRyan Shaffer; ASM Ali Ashraf
_91140921
245 0 _aIntelligence Services in South Asia
245 0 _bColonial Past and Post-Colonial Realities
260 _bTaylor and Francis
260 _c2025
365 _a
365 _b230
856 _uhttp://www.taylorfrancis.com/books/9781032675138
942 _cEBOOK
999 _c1729944
_d1729944